000 01427nab a22002057a 4500
999 _c6076
_d6076
003 OSt
005 20260121181302.0
008 190502c xxu||||| |||| 00| 0 spa d
040 _cPJ
100 _94831
_aSandhagen, Alberto
245 1 3 _aEl delito de falsedad ideológica de documento público /
_cAlberto Sandhagen.
260 _aCiudad Autónoma de Buenos Aires :
_bThomson Reuters La Ley,
_c2024.
300 _ap. 3-35
505 _aSumario: I. Objeto del trabajo.— II. Bien jurídico protegido.— III. Noción de falsedad ideológica.— IV. Las acciones establecidas en el tipo penal.— V. El elemento normativo del tipo penal.— VI. La premisa relativa a un hecho que el documento deba probar.— VII. El perjuicio que debe provocar la conducta de la figura penal.— VIII. Sujetos del delito de falsedad ideológica.— IX. Consumación y tentativa.— X. Tipo subjetivo.— XI. El instituto de la simulación.— XII. Causas de justificación.— XIII. Concursos de delitos.— XIV. Circunstancia agravante del art. 293.— XV. La pena establecida en el delito.— XVI. Final.
505 _t¿Te interesa el texto completo? Solicitalo al correo: koha@justierradelfuego.gov.ar
650 0 _9343
_aDERECHO PENAL
650 0 _96851
_aFALSEDAD IDEOLÓGICA
773 0 _02729
_93180
_dBuenos Aires : LexisNexis, 2006-
_tRevista de derecho penal y procesal penal. Nº 3 - Marzo 2024
_z9875920622
942 _2udc
_cANA